000 00633nam a22001817a 4500
003 GBCCL
005 20251127113627.0
008 180702b ||||| |||| 00| 0 eng d
040 _cgbc
082 _a220.5203
_bBIB
245 _aThe Holy Bible containing the Old and New Testaments:
_b translated out of the original tongues and with the former translations diligently compared ; commonly known as the authorized King James version
250 _aKing James Version
250 _a1972 ed
260 _bGideons International,
_aNashville:
_c1972
300 _a1108 p.;
_c20 cm.
650 _aBible
_xEnglish
_912272
942 _2ddc
_cREF
999 _c6884
_d6884